LEADER 00932nam0-22003131i-450- 001 990000505210403321 005 20100209110423.0 035 $a000050521 035 $aFED01000050521 035 $a(Aleph)000050521FED01 035 $a000050521 100 $a20020821d1969----km-y0itay50------ba 101 0 $aeng 105 $ay-------001yy 200 1 $aIntroduction to modern electromagnetics$fCarl H. Durney, Curtis C. Johnson 210 $aNew York$cMcGraw-Hill$d[1969] 215 $a471 p.$cill.$d23 cm 610 0 $aIngegneria elettrica 610 0 $aCampi elettromagnetici 676 $a537.1'2 700 1$aDurney,$bCarl H.$g$027120 701 1$aJohnson,$bCurtis C.$027121 801 0$aIT$bUNINA$gRICA$2UNIMARC 901 $aBK 912 $a990000505210403321 952 $a10 E III 61.1$b6155$fDINEL 959 $aDINEL 996 $aIntroduction to modern electromagnetics$9330083 997 $aUNINA LEADER 01947nas 2200553- 450 001 9910133755103321 005 20241223110702.0 011 $a2197-7909 035 $a(OCoLC)905958803 035 $a(CKB)3350000000000807 035 $a(CONSER)--2016222509 035 $a(MiAaPQ)2046144 035 $a(DE-599)ZDB2806586-4 035 $a(MiFhGG)02P9 035 $a(EXLCZ)993350000000000807 100 $a20150303a20149999 o-- a 101 0 $aeng 135 $aurmnu|||||||| 181 $ctxt$2rdacontent 182 $cc$2rdamedia 183 $acr$2rdacarrier 200 00$aComputational astrophysics and cosmology 210 1$a[Heidelberg, Germany] :$cSpringer International Publishing Ltd,$d2014- 215 $a1 online resource 300 $aRefereed/Peer-reviewed 300 $a"A Springer Open journal." 517 1 $aComp AC 531 $aCOMPUT ASTROPHYS COSMOLOGY 606 $aAstrophysics$xData processing$vPeriodicals 606 $aCosmology$xData processing$vPeriodicals 606 $aAstronomy$xComputer simulation$vPeriodicals 606 $aAstronomy$xMathematical models$vPeriodicals 606 $aAstronomy$xComputer simulation$2fast$3(OCoLC)fst00819682 606 $aAstronomy$xMathematical models$2fast$3(OCoLC)fst00819704 606 $aAstrophysics$xData processing$2fast$3(OCoLC)fst00819802 606 $aCosmology$xData processing$2fast$3(OCoLC)fst00880602 608 $aPeriodicals.$2fast 615 0$aAstrophysics$xData processing 615 0$aCosmology$xData processing 615 0$aAstronomy$xComputer simulation 615 0$aAstronomy$xMathematical models 615 7$aAstronomy$xComputer simulation. 615 7$aAstronomy$xMathematical models. 615 7$aAstrophysics$xData processing. 615 7$aCosmology$xData processing. 906 $aJOURNAL 912 $a9910133755103321 996 $aComputational astrophysics and cosmology$92257438 997 $aUNINA